Piłkarze FC Chelsea - nagła śmierć - Statystyki

Ogólne statystyki
  • Ten quiz został rozwiązany 790 razy
  • Średni wynik to 16 z 23
Answers on the Grid
Answers color-coded by a green-red scale on the quiz's grid according to % correct below.
Frank Lampard
Didier Drogba
Cristiano Ronaldo
Thierry Henry
Sergio Ramos
Gareth Bale
Cole Palmer
Eden Hazard
David Beckham
Roberto Baggio
Petr Čech
Antoine Griezmann
John Terry
Paul Pogba
N'Golo Kanté
Michael Owen
Mohamed Salah
Riyad Mahrez
Jamie Vardy
Jay-Jay Okocha
Kevin De Bruyne
Branislav Ivanović
Cesc Fàbregas
Gianluigi Donnarumma
Raheem Sterling
Jorginho
Keylor Navas
Jadon Sancho
Son Heung-min
Fernando Torres
Sadio Mané
Thibaut Courtois
Gerard Piqué
Jan Oblak
Juan Mata
Romelu Lukaku
Samuel Eto'o
Dimitri Payet
Radamel Falcao
João Félix
Roberto Carlos
Zbigniew Boniek
André Schürrle
Andriy Shevchenko
 
Statystyki odpowiedzi
Odpowiedź % Poprawnych
Frank Lampard
98%
Didier Drogba
97%
Cole Palmer
91%
Eden Hazard
91%
Petr Čech
86%
N'Golo Kanté
82%
John Terry
80%
Raheem Sterling
66%
Jorginho
64%
João Félix
63%
Romelu Lukaku
63%
Cesc Fàbregas
62%
Thibaut Courtois
61%
Fernando Torres
60%
Juan Mata
58%
Mohamed Salah
58%
Branislav Ivanović
57%
Jadon Sancho
57%
Andriy Shevchenko
56%
Kevin De Bruyne
55%
Samuel Eto'o
54%
André Schürrle
52%
Radamel Falcao
48%
Nie znaleziono quizów pasujących do podanych kryteriów
Rozkład punktacji
Procent ludzi z każdym wynikiem
Percentyl według liczby udzielonych odpowiedzi
Twoja historia wyników
Nie rozwiązałeś tego quizu